Instructor`s resource manual with chapter test to accompany college algebra and trigonometry second edition college algebra second edition, college trigonometry second edition, precaculus second edition
| Main Authors: | , , |
|---|---|
| Format: | Section = Libro |
| Language: | Undetermined Spanish |
| Published: |
United States
Houghton Mifflin Company
1993
|
| Subjects: |
| LEADER | 00768nam a2200217Ia 4500 | ||
|---|---|---|---|
| 008 | 240829s9999 xx 000 0 und d | ||
| 020 | |a 0-395-63820-8 | ||
| 040 | |a BIBLIOTECA-RUSB/ 512.13 A918m | ||
| 041 | |a spa | ||
| 082 | |a 512.13 A918m | ||
| 100 | 1 | |a Auffmann, Richard N. | |
| 100 | 1 | |b Barker, Vernon C. | |
| 100 | 1 | |c Nation, Richard D. | |
| 245 | 1 | 0 | |a Instructor`s resource manual with chapter test to accompany college algebra and trigonometry second edition college algebra second edition, college trigonometry second edition, precaculus second edition |
| 260 | |a United States |b Houghton Mifflin Company |c 1993 | ||
| 300 | |a 477 p. :il. | ||
| 650 | 7 | |a ALGEBRA Y TRIGONOMETRIA | |
| 650 | 7 | |b SOLUCION DE PROBLEMAS | |
| 942 | |c BK |2 ddc | ||
| 991 | |a TEXTO | ||
| 999 | |c 1425 | ||